Ecotourism /

Bibliographic Details
Main Author: Fennell, David A., 1963-
Format: Book
Language:English
Published: London ; New York : Routledge, 2008.
Edition:3rd ed.
Subjects:
Online Access:Table of contents only

MARC

Tag First Indicator Second Indicator Subfields
LEADER 00000cam a22000004a 4500
001 in00002362649
005 20151108085500.0
008 070306s2008 enka b 001 0 eng
010 |a  2007009494 
019 |a 156834841 
020 |a 9780415429313 (hbk.) 
020 |a 0415429315 (hbk.) 
020 |a 9780415429306 (pbk.) 
020 |a 0415429307 (pbk.) 
020 |a 9780203939581 (ebk.) 
020 |a 0203939581 (ebk.) 
035 |a (OCoLC)ocm85814197 
035 |a (OCoLC)85814197  |z (OCoLC)156834841 
040 |a DLC  |c DLC  |d BTCTA  |d BAKER  |d YDXCP  |d BWKUK  |d BWK  |d UtOrBLW 
049 |a TXAM 
050 0 0 |a G156.5.E26  |b F465 2008 
082 0 0 |a 338.4/791  |2 22 
100 1 |a Fennell, David A.,  |d 1963- 
245 1 0 |a Ecotourism /  |c David Fennell. 
250 |a 3rd ed. 
264 1 |a London ;  |a New York :  |b Routledge,  |c 2008. 
300 |a xviii, 282 pages :  |b illustrations ;  |c 26 cm. 
336 |a text  |b txt  |2 rdacontent 
337 |a unmediated  |b n  |2 rdamedia 
338 |a volume  |b nc  |2 rdacarrier 
504 |a Includes bibliographical references (pages [238]-272) and index. 
650 0 |a Ecotourism. 
856 4 1 |3 Table of contents only  |u http://www.loc.gov/catdir/toc/ecip0712/2007009494.html  |t 0 
938 |a Baker and Taylor  |b BTCP  |n BK0007347565 
938 |a Baker & Taylor  |b BKTY  |c 180.00  |d 180.00  |i 0415429307  |n 0007347565  |s active 
938 |a Blackwell Book Service UK  |b BBUK  |n L7772418  |c 90.00 
938 |a Baker & Taylor  |b BKTY  |c 51.95  |d 51.95  |i 0415429315  |n 0007323285  |s active 
938 |a YBP Library Services  |b YANK  |n 2583714 
945 |a PromptCat  |b 343819 
946 |a stk 
947 |a A14836588546 
994 |a 92  |b TXA 
948 |a cataloged  |b h  |c 2008/2/28  |d c  |e asalazar  |f 4:13:01 pm 
999 |a MARS 
999 f f |s 59f4baa1-3f51-366c-bde3-2bb023de91de  |i fea40e14-e63b-3a8c-a7b1-ce1b6d13c9a1  |t 0 
952 f f |p normal  |a Texas A&M University  |b College Station  |c Sterling C. Evans Library  |s Evans stk  |d Evans: Library Stacks  |t 0  |e G156.5.E26 F465 2008  |h Library of Congress classification  |i unmediated -- volume  |m A14836588546 
998 f f |a G156.5.E26 F465 2008  |t 0  |l Evans: Library Stacks